El Imperium Romanum Christianum: Un nuevo orden

Gespeichert in:
Bibliographische Detailangaben
1. Verfasser: Pareti de Canesa, María Eugenia (VerfasserIn)
Format: Buch
Sprache:Spanisch
Veröffentlicht: Viña del Mar Pontificia Universidad Católica de Valparaíso. Instituto de Historia 2004
Schlagworte:
Tags: Tag hinzufügen
Keine Tags, Fügen Sie den ersten Tag hinzu!

MARC

LEADER 00000nam a2200000 a 4500
001 UCG1184
003 CL-VaPUC
005 20211030074320.0
008 100422e20040000cl 1 spa d
082 0 4 |a 937.06  |b PAR  |2 21 
100 1 |a Pareti de Canesa, María Eugenia  |e author  |9 621600 
245 1 3 |a El Imperium Romanum Christianum: Un nuevo orden 
246 1 0 |a XXI Semana de Estudios Romanos 
260 |a Viña del Mar  |b Pontificia Universidad Católica de Valparaíso. Instituto de Historia  |c 2004 
583 |a last modification  |c 20100422 00:00:00  |k Rodrigo Vera 
600 1 7 |a TEODOSIO  |2 CL-VaPUC  |9 368358 
600 1 7 |a AMBROSIO, OBISPO DE MILAN  |2 CL-VaPUC  |9 592459 
650 0 7 |a IMPERIO ROMANO SIGLO 5  |2 CL-VaPUC  |9 433652 
650 0 0 |a Cristianismo  |9 257361 
650 0 0 |a República romana  |9 433651 
650 0 7 |a POLITICA ROMANA  |2 CL-VaPUC  |9 523263 
942 |c BK 
945 |a dcastane  |d 20100422 00:00:00 
546 |a En Español 
536 |a Pontificia Universidad Católica de Valparaíso. Instituto de Historia 
518 |p Semana de Estudios Romanos, 21, Viña del Mar, 26 al 29 octubre 2004 
999 |c 384538  |d 384536 
952 |0 0  |1 0  |4 0  |6 937_060000000000000_PAR_2004  |7 0  |8 R  |9 507327  |a BIBHIS  |b BIBHIS  |d 2020-01-23  |h vhs  |i 4613600  |o 937.06 PAR 2004  |p 4613600  |r 2020-01-23  |w 2020-01-23  |y BK_R  |k HIS